Christmas Anagrams - Statistics

General Stats
  • This quiz has been taken 955 times
  • The average score is 4 of 15
Answer Stats
Anagram Answer % Correct
Sock Tings Stockings
95%
Serpents Presents
79%
Inlets Tinsel
64%
Casual Ants Santa Claus
45%
Cyan Dance Candy Cane
33%
Starch Dismay Christmas Day
24%
Kansas Cast Santa's Sack
13%
Rich Slot Sarcasm Christmas Carols
10%
Bowel Song Snow Globe
10%
Advanced Antler Advent Calendar
9%
Just Cream Shrimps Christmas Jumper
8%
A Foul Clump Lump of Coal
8%
Tense Aggressions Seasons Greetings
4%
Miss Mad Thing Midnight Mass
3%
Provokes The Welsh Elves' Workshop
1%
No matching quizzes found
Score Distribution
Percent of People with Each Score
Percentile by Number Answered
Your Score History
You have not taken this quiz